Sports Quiz

Random Sports or NBA Quiz
Score 0/13 Timer 02:00
2 Plays Today
% Correct
LeBron James
97.9%
Dwyane Wade
97%
Carmelo Anthony
97%
Dwight Howard
96.7%
Derrick Rose
96.5%
Paul Pierce
96.5%
Rajon Rondo
96.5%
Chris Bosh
96.2%
Andre Iguodala
94.3%
Roy Hibbert
93.8%
Deron Williams
93.2%
Luol Deng
91.1%
Joe Johnson
77.7%
Remove Ads.
Support Sporcle.
Get the best of Sporcle when you Go Orange. This ad-free experience offers more features, more stats, and more fun while also helping to support Sporcle. Thank you for becoming a member.

You're not logged in!

Compare scores with friends on all Sporcle quizzes.
OR
Log In

Show Comments

Extras

Top Quizzes Today


Score Distribution

Your Account Isn't Verified!

In order to create a playlist on Sporcle, you need to verify the email address you used during registration. Go to your Sporcle Settings to finish the process.

Report this User

Report this user for behavior that violates our Community Guidelines.

Details: